00507nam a2200193 a 4500001001300000003000900013005001700022008004100039020001000080082001600090100002700106245002500133260004400158300001000202500003500212505001800247650002100265700002700286nice12345678IN_TiNIC20260116011444.0050524s1885 lona grd 000 0 eng  ac10000a297.03bHUG aHughes, Thomas Patrick aDictionary of Islam. aLondonbW H Allen and Co. Limitedc1885 a750p. aincludes index and biblioraphy2 aIllustrations aDictionary-Islam1 aHughes, Thomas Patrick